|
|
|
|
| LEADER |
00000nas a22000004a 4500 |
| 001 |
arbauadP000006 |
| 003 |
AR-BaUAD |
| 005 |
20241219190819.0 |
| 008 |
241216d18951915ag sn p r 00| b0sp d |
| 040 |
|
|
|a AR-BaUAD
|b spa
|c AR-BaUAD
|
| 041 |
|
|
|a spa
|
| 044 |
|
|
|a ag
|
| 080 |
|
|
|a 72
|
| 245 |
|
|
|a Revista técnica :
|b ingeniería, arquitectura, minería, industria / director-propietario Enrique Chanourdie
|
| 260 |
|
|
|a Buenos Aires :
|b Enrique Chanourdie,
|c 1897-1915
|
| 300 |
|
|
|a v.
|b il.
|
| 500 |
|
|
|a Fundada en abril de 1895, año I, num. 1; discontinuada en noviembre-diciembre 1915. año XX, num. 294
|
| 653 |
|
|
|a INGENIERIA
|
| 653 |
|
|
|a ARQUITECTURA
|
| 655 |
|
|
|a PUBLICACIONES PERIODICAS
|
| 700 |
|
|
|a Chanourdie, Enrique
|e ed.
|
| 785 |
0 |
1 |
|t Arquitectura : órgano de la Sociedad Central de Arquitectos
|
| 856 |
|
|
|u https://biblioteca.fadu.uba.ar/catalogo/revistas/indice.php?galeria=7&files=8
|y Texto completo PDF
|
| 942 |
|
|
|2 udc
|n 0
|c CR
|
| 990 |
|
|
|a MJO
|b OP
|
| 998 |
|
|
|a AAQ
|b Koha2024P
|
| 999 |
|
|
|c 23688
|d 23688
|